Global Planners Network (Record no. 120724)

MARC details
000 -LEADER
fixed length control field 00947cai a22001815a 4500
001 - CONTROL NUMBER
control field L145782
008 - FIXED-LENGTH DATA ELEMENTS--GENERAL INFORMATION
fixed length control field 081106u xxkao f 000 0 eng d
035 ## - SYSTEM CONTROL NUMBER
System control number (Sirsi) u145782
041 0# - LANGUAGE CODE
Language code of text/sound track or separate title eng
110 2# - MAIN ENTRY--CORPORATE NAME
Corporate name or jurisdiction name as entry element Global Planners Network
9 (RLIN) 5639
245 00 - TITLE STATEMENT
Title Global Planners Network
Medium [electronic resource]
520 ## - SUMMARY, ETC.
Summary, etc. Umbrella website aimed at bringing together planning professionals from around the world. Partners in the initiative include the American Planning Association (APA), Canadian Institute of Planners (CIP), Commonwealth Association of Planners (CAP), Planning Institute Australia (PIA) and the Royal Town Planning Institute (RTPI). Advertises conferences and events, provides electronic resources and encourages networking.
590 ## - LOCAL NOTE (RLIN)
Local note KA
651 #4 - SUBJECT ADDED ENTRY--GEOGRAPHIC NAME
Geographic name International
690 ## - LOCAL SUBJECT ADDED ENTRY--TOPICAL TERM (OCLC, RLIN)
Topical term or geographic name as entry element Planning and development
9 (RLIN) 6259
856 40 - ELECTRONIC LOCATION AND ACCESS
Uniform Resource Identifier <a href="https://www.globalplannersnetwork.org/">https://www.globalplannersnetwork.org/</a>
Public note View the website at www.globalplannersnetwork.org...
942 ## - ADDED ENTRY ELEMENTS (KOHA)
Suppress in OPAC 0
Holdings
Withdrawn status Lost status Source of classification or shelving scheme Damaged status Not for loan Home library Current library Shelving location Date acquired Total Checkouts Full call number Barcode Date last seen Copy number Price effective from Koha item type
    Dewey Decimal Classification     Virtual Virtual Online 06/11/2008   ONLINE PUBLICATIONS 145782-1001 06/08/2019 1 06/08/2019 Online material